Estudio a nivel de perfil del proyecto Rehabilitación de tramos de camino sector norte comarca Las Jagüitas y urbanización San Sebastián en el municipio de Managua, 2018
El propósito de este estudio es realizar un proyecto de rehabilitación de dos tramos de caminos entre la comarca las Jagüitas y la urbanización San Sebastián, con el objetivo de mejorar vías alternas a carretera a Masaya y descongestionar el tráfico vehicular en las horas picos.
| Main Authors: | , |
|---|---|
| Other Authors: | |
| Format: | Tesis Section = Libro |
| Language: | Undetermined Spanish |
| Published: |
Managua
UNI
2019
|
| Subjects: |
| LEADER | 01286nam a2200277Ia 4500 | ||
|---|---|---|---|
| 008 | 240830s9999 xx 000 0 und d | ||
| 040 | |a BIBLIOTECA-RUPAP Mon 625.76 R621 | ||
| 041 | |a spa | ||
| 082 | |a Mon 625.76 R621 | ||
| 100 | 1 | |a Rivera Moreno, Jaime Daniel | |
| 100 | 1 | |b Hernández García, Manuel de Jesús | |
| 245 | 1 | 0 | |a Estudio a nivel de perfil del proyecto Rehabilitación de tramos de camino sector norte comarca Las Jagüitas y urbanización San Sebastián en el municipio de Managua, 2018 |
| 260 | |a Managua |b UNI |c 2019 | ||
| 300 | |a 106 p. :il. | ||
| 500 | |a Contiene anexos: y CD. | ||
| 502 | |a Tesis (Ingeniero Civil)- UNI, 2019. | ||
| 520 | 3 | |a El propósito de este estudio es realizar un proyecto de rehabilitación de dos tramos de caminos entre la comarca las Jagüitas y la urbanización San Sebastián, con el objetivo de mejorar vías alternas a carretera a Masaya y descongestionar el tráfico vehicular en las horas picos. | |
| 650 | 7 | |a CARRETERAS-MANTENIMIENTO Y REPARACION-PROYECTOS | |
| 650 | 7 | |b ESTUDIO DE MERCADO | |
| 650 | 7 | |c EVALUACION ECONOMICA DEL PROYECTO | |
| 650 | 7 | |d MATERIALES PARA CARRETERAS | |
| 650 | 7 | |e PAVIMENTOS | |
| 700 | 1 | |a Tutor: |b Martínez Cano, Ricardo Francisco | |
| 942 | |c BK |2 ddc | ||
| 991 | |a TESIS | ||
| 999 | |c 16023 | ||